000 00902nam a2200229Ii 4500
003 JO-AjNU
005 20240629080355.0
008 230605s9999||||xx |||||||||||||| ||und||
017 _a1973/65
040 _aJO-AjNU
_bara
_erda
_cJO-AjNU
041 _aara
050 1 4 _aBF789.A6.A2.1973
100 3 _aالعيسى،عبد الوهاب حسن,
_eauthor
_917755
245 0 0 _aدراسة تجريبية عن العلاقة بين مستوى الطموح والإنبساط والإنطواء مع أثر بعض المتغيرات :رسالة ماجستير في علم النفس
264 3 1 _aبغداد:مطبعة الزهراء ،1973
300 _a260ص
_bجداول ملاحق الكتاب من ص249-260
336 _atext
_btxt
_2rdacontent
337 _aunmediated
_bn
_2rdamedia
338 _avolume
_bnc
_2rdacarrier
650 4 _aطموح-علم نفس الشخصية
_917756
942 _2lcc
_cBK
999 _c9120
_d9120